000 00685nam a2200181Ia 4500
003 GCL
008 140319s9999 xx 000 0 ara d
040 _aGCL /
_cGCL
082 0 4 _a910.161
_bم ج
100 1 _aمحمد نورالدين ابراهيم السبعاوى
245 1 0 _aالجغرافيا الطبية ومناهج البحث واساليب التطبيق /
_cمحمد نورالدين ابراهيم السبعاوى
300 _a327 ص
490 _aالاتجاهات الحديثة فى الدراسات الجغرافية
_v0
650 0 4 _aالجغرافيا
650 0 4 _aالمناخ الطبى
650 0 4 _aالجغرافيا الطبية
942 _2ddc
_cBK
999 _c48407
_d48407